Biblioteka Instytutu Północnego w Olsztynie

Widok standardowy Widok MARC

Pozycja Corporate Name

Liczba rekordów, w których użyto hasła: 3

001 - Numer kontrolny

  • control field: 40841

003 - Identyfikator numeru kontrolnego

  • control field: NUKAT

005 - Data i czas ostatniej modyfikacji

  • control field: 20260428232312.0

008 - Dane kontrolne kodowane (40 znaków)

  • fixed length control field: 190927n||a|znnaabn |a ana |c

010 ## - Numer kontrolny Biblioteki Kongresu

  • numer kontrolny LC: n 2019124067

024 7# - OTHER STANDARD IDENTIFIER

  • Standard number or code: 53157340563709920924
  • Source of number or code: viaf

040 ## - Instytucja sporządzająca rekord

  • inst. przygot. dane do rek. khw: WA U/AGN
  • język haseł przedmiotowych/tezaurus: kaba
  • inst. wprow. rek. khw: WA U/AGN
  • inst. modyf. rek. khw: WA U/WD
  • inst. modyf. rek. khw: WA U/WM
  • inst. modyf. rek. khw: WA U/EDP
  • inst. modyf. rek. khw: WA 248/mj

043 ## - Kod obszaru geograficznego

  • ISO code: PL

046 ## - Special dates

  • Start period: 19XX
  • End period: 193X
  • Date source: edtf

110 2# - Hasło - nazwa ciała zbiorowego

  • nazwa ciała zbior. lub geogr. na pocz.: Drukarnia "Zorza" (Warszawa).

368 ## - Other Attributes

  • Corp type: Drukarnie.

368 ## - Other Attributes

  • Corp type: Wydawcy.

370 ## - Associated place

  • Country: Polska.

370 ## - Associated place

  • Residence/HQ: Warszawa (Polska).

372 ## - Field of activity

  • Field: Drukarstwo.

372 ## - Field of activity

  • Field: Introligatorstwo.

377 ## - Assoc lang

  • Lang code: pol

410 2# - Trop zob. - nazwa ciała zbiorowego

  • nazwa ciała zbior. lub geogr. na pocz.: Drukarnia i Introligatornia "Zorza".

410 0# - Trop zob. - nazwa ciała zbiorowego

  • nazwa ciała zbior. lub geogr. na pocz.: Burian Jan, Drukarnia "Zorza".

410 0# - Trop zob. - nazwa ciała zbiorowego

  • nazwa ciała zbior. lub geogr. na pocz.: Zorza, Drukarnia i Introligatornia.

410 2# - Trop zob. - nazwa ciała zbiorowego

  • nazwa ciała zbior. lub geogr. na pocz.: Drukarnia i Introligatornia "Zorza" Jan Burian i S-ka.

410 2# - Trop zob. - nazwa ciała zbiorowego

  • nazwa ciała zbior. lub geogr. na pocz.: Tipografiâ "Zorza".

410 2# - Trop zob. - nazwa ciała zbiorowego

  • nazwa ciała zbior. lub geogr. na pocz.: Zorza <Warszawa>.

410 2# - Trop zob. - nazwa ciała zbiorowego

  • nazwa ciała zbior. lub geogr. na pocz.: Zorza.

410 2# - Trop zob. - nazwa ciała zbiorowego

  • nazwa ciała zbior. lub geogr. na pocz.: Wydawnictwo Zorza.

665 ## - Nota historyczna

  • nota historyczna: Warszawska drukarnia działająca od początku XX w. do lat 30. pod adresem Warecka 12. Należała do Jana Buriana, który był również właścicielem Drukarni "Rola". Zakład prowadził również działalność introligatorską i wydawniczą.

670 ## - Źródło informacji

  • źródło informacji: Gwiazdka polska. - Warszawa, 1910.
  • gdzie znaleziono informację: Druk. (Drukarnia "Zorza")

670 ## - Źródło informacji

  • źródło informacji: Ku przepaści : z dziejów jednego odłamu kultury polskiej : szkic historyczno-ekonomiczny z ilustracjami w tekście / napisał Stanisław Wojciech Tylicki. - Warszawa, 1915.
  • gdzie znaleziono informację: Wyd. (Drukarnia i Introligatornia "Zorza")

670 ## - Źródło informacji

  • źródło informacji: Z dziejów introligatorstwa warszawskiego XIX i 1. połowy XX wieku / Elżbieta Pokorzyńska, 17.09.19,
  • adres internetowy: https://repozytorium.ukw.edu.pl/bitstream/handle/item/1471/Pokorzynska%2C%20Z%20dziejow.pdf?sequence=1&isAllowed=y

670 ## - Źródło informacji

  • źródło informacji: Uprawa roli / K. Rümker. - Warszawa, 1914.
  • gdzie znaleziono informację: Drukarz (Drukarnia i Introligatornia "Zorza" Jan Burian i S-ka)

670 ## - Źródło informacji

  • źródło informacji: Poâsnitelʹnaâ zapiska zavoda Ûzef Trecer i Ko. v Varšave k žurnalu konkursa požarnyh mašin proizvedennyh Penzenskoj Gubernskoj Zemskoj Upravoj v avguste 1913 g. - Varšava, 1914.
  • gdzie znaleziono informację: (Tipografiâ "Zorza")

670 ## - Źródło informacji

  • źródło informacji: Roman Dmowski 1864-1939 : jego życie, praca i zasługi dla Ojczyzny / podał do dr. Jan Załuska. - Warszawa, 1939.
  • gdzie znaleziono informację: (nakładem "Zorzy").

670 ## - Źródło informacji

  • źródło informacji: Jan Ludwik Popławski : jego życie, praca dla ludu polskiego i zasługi dla Ojczyzny / napisali Jan Łaszcz i Jan Załuska. - Warszawa, 1924.
  • gdzie znaleziono informację: (Wydawnictwo Zorza)
Biblioteka Instytutu Północnego, ul. Partyzantów 87, 10-402 Olsztyn, email: biblioteka(at)ip.olsztyn.pl